Statistiques concernant Chanson du Joueur du Grenier - Saint-Valentin

Cliquez ici pour prendre le quiz!

Statistiques générales

  • Ce quiz a été pris 84 fois
    (79 depuis la dernière actualisation)
  • Le résultat moyen est 67 sur 93

Statistiques - réponses

OrdreMots% Correct
26
a
98%
17c'est
92%
10c'est
92%
90c'est
92%
54de
92%
62de
92%
33de
92%
88des
92%
74Des
92%
79pas
92%
35pas
92%
32pas
92%
41pas
92%
14Je
90%
20je
90%
36la
90%
8le
90%
65le
90%
83en
88%
25en
88%
70en
88%
81Et
88%
68Et
88%
69il
88%
82il
88%
92plus
88%
87Avec
86%
91bien
86%
23reste
86%
84reste
86%
71reste
86%
89animaux,
84%
75jeux
84%
93rigolo...
84%
39vous
84%
77vous
84%
24y
84%
73d'autres !
82%
86d'autres !
82%
85
plein
82%
72plein
82%
80idée...
80%
19moi
80%
78n'avez
80%
29ta
80%
67carton !
78%
66deuxième
78%
27encore,
78%
76japonais,
78%
49les
78%
42me
78%
30Commodore !
76%
64j'ouvre
76%
37peine
73%
28allume
71%
22Attends
71%
40pourrez
71%
61bande
69%
63cochons,
69%
38d’insister,
69%
43
forcer.
69%
50noms
69%
18fini
67%
55l'imagination.
67%
52moins
67%
59Sex Sex Sex.
67%
15suis
67%
51au
65%
12Mon
65%
21remballe...
65%
16sale,
65%
48Sur
65%
13Dieu !
63%
31J'parlerai
63%
9mieux
63%
7Mais
61%
11Stroker !
59%
34Rapelay,
57%
53y'avait
55%
47Orgasmatron.
51%
60Restez-là
49%
45Brad Stallion,
45%
58Phuk the world,
39%
6Teenage Queen.
39%
57Fuck Quest,
37%
4Jungle Fever,
31%
2Strip Fighter,
31%
46Astrotit,
24%
44Big momma,
22%
5Sex Games,
22%
1Dal'X,
20%
3Gigallo,
16%
56Girl Test,
14%

Distribution des résultats

Percentile par nombre de réponses

% des personnes avec chaque résultat

Votre développement - résultats

Vous n’avez pas pris ce quiz depuis la dernière actualisation